Welcome to WEB OPAC of MRSPTU Central Library

Computer network (Record no. 6350)

MARC details
000 -LEADER
fixed length control field 00432nam a2200181Ia 4500
008 - FIXED-LENGTH DATA ELEMENTS--GENERAL INFORMATION
fixed length control field 230711s9999||||xx |||||||||||||| ||und||
020 ## - INTERNATIONAL STANDARD BOOK NUMBER
International Standard Book Number 978-93-325-1874-2
041 ## - LANGUAGE CODE
Language code of text/sound track or separate title ENG
082 ## - DEWEY DECIMAL CLASSIFICATION NUMBER
Classification number 4.6
Item number TA-C
100 ## - MAIN ENTRY--PERSONAL NAME
Personal name Tanenbaum, Andrew S
245 #0 - TITLE STATEMENT
Title Computer network
250 ## - EDITION STATEMENT
Edition statement 5th Ed.
260 ## - PUBLICATION, DISTRIBUTION, ETC.
Date of publication, distribution, etc. 2014
Place of publication, distribution, etc. New Delhi
Name of publisher, distributor, etc. Pearson
300 ## - PHYSICAL DESCRIPTION
Extent 804p.
650 ## - SUBJECT ADDED ENTRY--TOPICAL TERM
Topical term or geographic name entry element Computer Engineering
700 ## - ADDED ENTRY--PERSONAL NAME
Personal name Wetherall,David J
942 ## - ADDED ENTRY ELEMENTS (KOHA)
Koha item type Book
Holdings
Withdrawn status Lost status Damaged status Not for loan Collection Home library Current library Date acquired Source of acquisition Cost, normal purchase price Total checkouts Full call number Barcode Date last seen Date last checked out Price effective from Koha item type
          MRSPTU Central Library MRSPTU Central Library   Krishna Book Distributors 679.00 2 4.6 TA-C 36678 02/13/2025 01/22/2025 08/17/2023 Book
          MRSPTU Central Library MRSPTU Central Library   Krishna Book Distributors 679.00 10 4.6 TA-C 36679 03/18/2025 02/07/2025 08/17/2023 Book
          MRSPTU Central Library MRSPTU Central Library   Krishna Book Distributors 679.00 1 4.6 TA-C 36680 03/10/2025 02/04/2025 08/17/2023 Book
          MRSPTU Central Library MRSPTU Central Library   Krishna Book Distributors 679.00   4.6 TA-C 36681 08/17/2023   08/17/2023 Book
          MRSPTU Central Library MRSPTU Central Library   Krishna Book Distributors 679.00   4.6 TA-C 36682 08/17/2023   08/17/2023 Book
          MRSPTU Central Library MRSPTU Central Library   Krishna Book Distributors 679.00   4.6 TA-C 36683 08/17/2023   08/17/2023 Book
          MRSPTU Central Library MRSPTU Central Library   Krishna Book Distributors 679.00 2 4.6 TA-C 36684 03/12/2024 02/20/2024 08/17/2023 Book
          MRSPTU Central Library MRSPTU Central Library   Krishna Book Distributors 679.00 3 4.6 TA-C 36685 09/08/2025 02/20/2025 08/17/2023 Book
          MRSPTU Central Library MRSPTU Central Library   Krishna Book Distributors 679.00   4.6 TA-C 36686 08/17/2023   08/17/2023 Book
          MRSPTU Central Library MRSPTU Central Library   Krishna Book Distributors 679.00   4.6 TA-C 36687 08/17/2023   08/17/2023 Book
          MRSPTU Central Library MRSPTU Central Library   Krishna Book Distributors 679.00   4.6 TA-C 36688 08/17/2023   08/17/2023 Book
          MRSPTU Central Library MRSPTU Central Library   Krishna Book Distributors 679.00 6 4.6 TA-C 36689 01/06/2026 12/19/2025 08/17/2023 Book
          MRSPTU Central Library MRSPTU Central Library   Krishna Book Distributors 679.00   4.6 TA-C 36690 08/17/2023   08/17/2023 Book
          MRSPTU Central Library MRSPTU Central Library   Krishna Book Distributors 679.00   4.6 TA-C 36691 08/17/2023   08/17/2023 Book
          MRSPTU Central Library MRSPTU Central Library   Krishna Book Distributors 679.00   4.6 TA-C 36692 08/17/2023   08/17/2023 Book

Website Designed and Developed by MRSPTU Central Library Team

E-mail Id: librarian@mrsptu.ac.in